Diseño de máquinas
保存先:
| 第一著者: | |
|---|---|
| フォーマット: | 図書 |
| 言語: | スペイン語 |
| 出版事項: |
Ciudad de México
Prentice Hall
1999
|
| 主題: | |
| タグ: |
タグ追加
タグなし, このレコードへの初めてのタグを付けませんか!
|
MARC
| LEADER | 00000nam a2200000 a 4500 | ||
|---|---|---|---|
| 001 | UCO0607 | ||
| 003 | CL-VaPUC | ||
| 008 | 000420e19990000MX |||||||||||||||||spa|d | ||
| 020 | |a 9701702573 | ||
| 082 | 0 | 4 | |a 621.815 |b NOR |2 21 |
| 100 | |a Norton, Robert L. |e autor |9 368210 | ||
| 245 | 1 | 0 | |a Diseño de máquinas |
| 300 | |a 1048 p | ||
| 942 | |c BK | ||
| 945 | |d 20000420 00:00:00 |a vberengu | ||
| 260 | |a Ciudad de México |b Prentice Hall |c 1999 | ||
| 500 | |a Incluye CD | ||
| 650 | 0 | |a Componentes mecánicos |9 441947 | |
| 650 | 0 | |a Embragues |9 359468 | |
| 650 | 0 | |a Frenos |9 271672 | |
| 650 | 0 | |a Ingeniería mecánica |9 262089 | |
| 650 | 0 | |a Máquinas |9 259419 | |
| 650 | 7 | |a MECANICA DE FRACTURAS |2 CL-VaPUC |9 320094 | |
| 583 | |a last modification |c 20140410 07:54:33 |k Rodrigo Vera | ||
| 999 | |c 287256 |d 287254 | ||
| 952 | |0 0 |1 0 |4 0 |6 621_815000000000000_NOR_1999 |7 0 |8 R |9 333765 |a BIBMEC |b BIBMEC |d 2019-11-20 |i 3881202 |o 621.815 NOR 1999 |p 3881202 |r 2019-11-20 |w 2019-11-20 |y BK_R |k MEC | ||
| 952 | |0 0 |1 0 |4 0 |6 621_815000000000000_NOR_1999 |7 0 |8 R |9 333770 |a BIBMEC |b BIBMEC |d 2019-11-20 |i 431137K |o 621.815 NOR 1999 |p 431137K |r 2019-11-20 |w 2019-11-20 |y BK_R |k MEC | ||